Apología turística de España : (Record no. 32075)

MARC details
000 -LEADER
campo de control de longitud fija 01042nam a2200253 i 4500
001 - NÚMERO DE CONTROL
campo de control 32075
003 - IDENTIFICADOR DE NÚMERO DE CONTROL
campo de control ES-MaACL
005 - FECHA Y HORA DE LA ÚLTIMA TRANSACCIÓN
campo de control 20230906154515.0
007 - CAMPO FIJO DE DESCRIPCIÓN FÍSICA--INFORMACIÓN GENERAL
campo de control de longitud fija t|
008 - DATOS DE LONGITUD FIJA--INFORMACIÓN GENERAL
campo de control de longitud fija 030214s1943 sp ||||1| spa d
080 ## - NÚMERO DE LA CLASIFICACIÓN DECIMAL UNIVERSAL
Número de la Clasificación Decimal Universal 913(460)(084)
100 1# - ENTRADA PRINCIPAL--NOMBRE DE PERSONA
Nombre de persona Calleja, Rafael.
9 (RLIN) 33721
245 10 - MENCIÓN DEL TÍTULO
Título Apología turística de España :
Resto del título cuatrocientas treinta y nueve fotografías de paisajes, monumentos y aspectos típicos españoles /
Mención de responsabilidad, etc. texto, selección fotográfica y dirección artística de la edición por Rafael Calleja.
260 ## - PUBLICACIÓN, DISTRIBUCIÓN, ETC.
Lugar de publicación, distribución, etc. Madrid :
Nombre del editor, distribuidor, etc. Dirección General del Turismo,
Fecha de publicación, distribución, etc. 1943.
300 ## - DESCRIPCIÓN FÍSICA
Extensión 46, 237 p. :
Otras características físicas principalmente fot. ;
Dimensiones 31 c,.
490 1# - MENCIÓN DE SERIE
Mención de serie Publicaciones de la Dirección General del Turismo
651 #4 - PUNTO DE ACCESO ADICIONAL DE MATERIA--NOMBRE GEOGRÁFICO
Nombre geográfico España-
Subdivisión de forma Obras ilustradas.
9 (RLIN) 8388
651 #4 - PUNTO DE ACCESO ADICIONAL DE MATERIA--NOMBRE GEOGRÁFICO
Nombre geográfico España-
Subdivisión general Descripción-
Subdivisión cronológica S.XX.
9 (RLIN) 8187
710 1# - ENTRADA AGREGADA--NOMBRE DE ENTIDAD CORPORATIVA
Nombre de entidad corporativa o nombre de jurisdicción como elemento de entrada España.
Unidad subordinada Dirección General de Turismo.
9 (RLIN) 172729
830 1# - PUNTO DE ACCESO ADICIONAL DE SERIE-TÍTULO UNIFORME
Título uniforme Publicaciones de la Dirección General del Turismo
9 (RLIN) 184203
852 ## - LOCALIZACIÓN
Ubicación ES-MaACL
Número de control de estantería C-19425
852 ## - LOCALIZACIÓN
Ubicación ES-MaACL
Número de control de estantería F-15781
Holdings
Estatus retirado Estado de pérdida Estado de daño No para préstamo Biblioteca de origen Biblioteca actual Ubicación en estantería Fecha de adquisición Fuente de adquisición Total de préstamos Signatura topográfica completa Código de barras Visto por última vez Precio de reemplazo Tipo de ítem Koha
        Biblioteca del Ateneo de Madrid Biblioteca del Ateneo de Madrid Sala Pecera Planta 2 17/01/2008     F-15781 1033191 23/02/2023 23/02/2023 Libro impreso
        Biblioteca del Ateneo de Madrid Biblioteca del Ateneo de Madrid Galería 17/01/2008     C-19425 1033190 23/02/2023 23/02/2023 Libro impreso